Introductory Chemical Engineering Thermodyanamics (Record no. 9572)

MARC details
000 -LEADER
fixed length control field 00607nam a22002177a 4500
003 - CONTROL NUMBER IDENTIFIER
control field OSt
005 - DATE AND TIME OF LATEST TRANSACTION
control field 20251014145657.0
008 - FIXED-LENGTH DATA ELEMENTS--GENERAL INFORMATION
fixed length control field 251014b |||||||| |||| 00| 0 eng d
020 ## - INTERNATIONAL STANDARD BOOK NUMBER
International Standard Book Number 9780136068549
020 ## - INTERNATIONAL STANDARD BOOK NUMBER
International Standard Book Number 9781003047087
040 ## - CATALOGING SOURCE
Transcribing agency DDC
082 ## - DEWEY DECIMAL CLASSIFICATION NUMBER
Classification number 620 CAR 2020
100 ## - MAIN ENTRY--PERSONAL NAME
Relator code Elliott, J.; Lira, Carl; Ravi, R.
245 ## - TITLE STATEMENT
Title Introductory Chemical Engineering Thermodyanamics
260 ## - PUBLICATION, DISTRIBUTION, ETC. (IMPRINT)
Place of publication, distribution, etc. Oxon;
Name of publisher, distributor, etc. CRC Press, 2020
300 ## - PHYSICAL DESCRIPTION
Extent xvii,359p.; ill: 25cm
504 ## - BIBLIOGRAPHY, ETC. NOTE
Bibliography, etc References, & index included
650 ## - SUBJECT ADDED ENTRY--TOPICAL TERM
Topical term or geographic name as entry element Chemical engineering
9 (RLIN) 4962
650 ## - SUBJECT ADDED ENTRY--TOPICAL TERM
Topical term or geographic name as entry element Thermodyanamics
9 (RLIN) 19477
942 ## - ADDED ENTRY ELEMENTS (KOHA)
Source of classification or shelving scheme Other/Generic Classification Scheme
Koha item type Open Shelf
Holdings
Withdrawn status Lost status Source of classification or shelving scheme Damaged status Not for loan Home library Current library Date acquired Source of acquisition Inventory number Total Checkouts Full call number Barcode Date last seen Koha item type
    Dewey Decimal Classification     Main Kihumuro Campus Main Kihumuro Campus 14/10/2025 Purchase 25/42407   620 CAR 2020 2025-0133 14/10/2025 Open Shelf
    Dewey Decimal Classification     Main Kihumuro Campus Main Kihumuro Campus 14/10/2025 Purchase 25/42408   620 CAR 2020 2025-0134 14/10/2025 Open Shelf